Counting six to ten / (Record no. 113845)
[ view plain ]
| 000 -LEADER | |
|---|---|
| fixed length control field | 00675nam a2200205 a 4500 |
| 001 - CONTROL NUMBER | |
| control field | 4002 |
| 005 - DATE AND TIME OF LATEST TRANSACTION | |
| control field | 20140414132041.0 |
| 008 - FIXED-LENGTH DATA ELEMENTS--GENERAL INFORMATION | |
| fixed length control field | 040602s19uu xx 00 eng d |
| 020 ## - INTERNATIONAL STANDARD BOOK NUMBER | |
| International Standard Book Number | 1-55924-247-7 |
| 050 ## - LIBRARY OF CONGRESS CALL NUMBER | |
| Classification number | BB |
| Item number | C83 1990 |
| 100 ## - MAIN ENTRY--PERSONAL NAME | |
| Personal name | Jacobs, Leland B. |
| 245 ## - TITLE STATEMENT | |
| Title | Counting six to ten / |
| Statement of responsibility, etc | written by Leland B. Jacobs; illustrated by Duane Bibby. |
| 260 ## - PUBLICATION, DISTRIBUTION, ETC. (IMPRINT) | |
| Place of publication, distribution, etc | U. S. A : |
| Name of publisher, distributor, etc | DLM Teaching Resources, |
| Date of publication, distribution, etc | 1990. |
| 300 ## - PHYSICAL DESCRIPTION | |
| Extent | 18 p. : ill. ; cm. |
| 440 ## - SERIES STATEMENT/ADDED ENTRY--TITLE | |
| Title | Numbers in Rhyme |
| 500 ## - GENERAL NOTE | |
| General note | Contents: Six Brown Rabbits--Seven City Sparrows--Count Eight--Nine Gray Elephants--Ten Toes. |
| 650 ## - SUBJECT ADDED ENTRY--TOPICAL TERM | |
| Topical term or geographic name as entry element | Counting--Juvenile literature. |
| 650 ## - SUBJECT ADDED ENTRY--TOPICAL TERM | |
| Topical term or geographic name as entry element | Rhymes. |
| Withdrawn status | Lost status | Damaged status | Use restrictions | Home library | Current library | Shelving location | Date acquired | Source of acquisition | Total Checkouts | Full call number | Barcode | Date last seen | Price effective from | Koha item type |
|---|---|---|---|---|---|---|---|---|---|---|---|---|---|---|
| Munich Library | Munich Library | Big Books Section | 06/02/2004 | BB C83 1990 | M5500 | 04/14/2014 | 04/14/2014 | Books |